| 000 | 00576nam a2200205 a 4500 | ||
|---|---|---|---|
| 005 | 20240910064250.0 | ||
| 008 | 991125s1964 mx 000 0 spa u | ||
| 020 | _a8475092187 | ||
| 035 | _aUPN01000004137 | ||
| 049 | _aCG | ||
| 050 | 4 |
_aBF319.5 _bA67 1983 |
|
| 245 | 0 | 0 |
_aAprendizaje y memoria / _cJean-Francois Le Ny ... [et al.]. |
| 260 |
_aMéxico : _bPaidós, _c1964. |
||
| 300 | _a351 p. | ||
| 440 | 0 |
_aTratado de psicología experimental ; _v4 |
|
| 650 | 4 |
_aAprendizaje _92861 |
|
| 650 | 4 |
_aMemoria _95324 |
|
| 700 | 1 |
_aLe Ny, Jean-Francois, _ecoaut. |
|
| 905 | _aLibro | ||
| 999 |
_c4137 _d4137 |
||